Регионална библиотека "Любен Каравелов" - Русе

Светът на динозаврите (Запис номер 436633)

MARC детайли
000 -Лидер
Контролно поле с фиксирана дължина 01710nam a2200337 c 4500
003 - Код на организацията, давaща контролен номер
Контролно поле BLK
005 - Дата и час на последна редакция
Контролно поле 20250726125538.0
008 - Елементи от данни с фиксирана дължина
fixed length control field 180411b bul|||||r ||||||| ||bul||
010 ## - Наследен системен номер
LC control number KNG00198435000
020 ## - Международен стандартен номер на книга ISBN
Международен стандартен номер на книга ISBN 9786191516322
040 ## - Източник на каталожния запис
Идентификатор на билиотеката - собственик на записа BLK
041 ## - Код за език
Код за езика на текст/звукозапис или на отделно заглавие Български
Код за езика КДБФ Български
072 #7 - Код за тематичната категория
Код организация bullib
Код за тематична категория Н86
Текст Детска отраслова литература Н
080 ## - УДК
УДК код - определител по УДК 568.1
УДК - код + определител 568.1
080 ## - УДК
УДК код - определител по УДК 087.5
УДК - код + определител 087.5:598.192
Текстов определител УДК Издания за деца и юноши. Книжки-картинки. Читанки. Вж и 372.4
100 1# - Редна дума - Автор
Автор Кюнцел, Каролин
Авторска отговорност първи автор
R(LIN) 384723
139 ## - Редно поле
Редна дума Кюнцел, Каролин
Авторски знак Кю - К 99
245 10 - Сведения за заглавието
Заглавие Светът на динозаврите
Подзаглавни данни Пътуване назад към ерата на древните гиганти : Детска енциклопедия
Редно поле (дума) Каролин Кюнцел, Франко Темпеста; прев. Виктория Иванова.
257 ## - Страна на издаване
Страна на създаване/издаване Германия
260 ## - Област на издателските данни
Място на издаване, разпространение и проч. София
Име на издателя, разпространителя и проч. СофтПрес
Година на издаване 2020
300 ## - Физическа характеристика
Страници 96 с.
Илюстрации и др. с цв. ил.
Размери/Мащаб 29 см
380 ## - Жанр
Жанр Детска отраслова лит.
500 ## - Общи забележки
Забележка Ориг. загл.: Verborgene Welt der Dinosaurier / Karolin Küntzel<br/>Загл. в изд. каре: Детска енциклопедия: светът на динозаврите. - Речник: с. 96. - Азб. показалец
650 #7 - Допълнително описание по предмет – тема
Основно описание – тема или топоним Динозаври
9 (RLIN) 153483
653 ## - Ключова дума – ненормативна
Ключова дума детска литература
700 1# - Други автори (авторска отговорност)
Лично име Иванова, Виктория Иванчева
Автороска отговорност (Описва отношението между автора и произведението) прев. от англ.
9 (RLIN) 71296
700 1# - Други автори (авторска отговорност)
Лично име Темпеста, Франко
Автороска отговорност (Описва отношението между автора и произведението) ил.
9 (RLIN) 128286
852 ## - Местоположение
Форматна сигнатура Цб II 30939
999 ## - СИСТЕМНИ КОНТРОЛНИ НОМЕРА
Koha biblionumber 436633
Koha biblioitemnumber 436633
942 ## - АРТИКУЛИ
Вид на библиотечния материал Книги
Скрит в OPAC Не
Периодичен библиозапис Да
Koha issues (borrowed), all copies 38
944 ## - СЪЗДАВАНЕ И РЕДАКЦИЯ на ЗАПИСА
Създаване/Редакция Създаване
Дата на регистрацията/редакция 2022-05-13
Статус, дата на статуса Моника Янева
Служител, извършил регистрацията/редакцията 30570
Наличности
Код за отписване Код за изгубен артикул Източник на класификационната схема Код за повреда Коз за рестрикции Код за отдаване Артикулен № Име на библиотеката - собственик Име на библиотеката, в която се намира в момента Статус (Текущо местоположение) Дата на вписване в системата Местоположение - отдел Цена в лева Систематично азбучна сигнатура Баркод Цена в евро Служебен тип на артикула
  Не е изгубен Universal Decimal Classification Не е повреден без рестрикции заемане за дома 861607 Регионална библиотека "Любен Каравелов" Русе Регионална библиотека "Любен Каравелов" Русе Детски отдел 2021-11-12 Детски отдел 17.50 5/К 99 К 120000862407 8.95 Книги
  Не е изгубен Universal Decimal Classification Не е повреден без рестрикции заемане за дома 861608 Регионална библиотека "Любен Каравелов" Русе Регионална библиотека "Любен Каравелов" Русе Детски отдел 2021-11-12 Детски отдел 17.50 5/К 99 К 120000862408 8.95 Книги
  Не е изгубен Universal Decimal Classification Не е повреден само за читалня ползва се в читалня 884480 Регионална библиотека "Любен Каравелов" Русе Регионална библиотека "Любен Каравелов" Русе Хранилище 2022-05-16 Хранилище 25.00 Цб ІІ 30939 120000872545 12.78 Книги
Vip Innovations Ltd, Rousse, Bulgaria 2025